000 00335nam a2200145Ia 4500
005 20251222141927.0
008 251222s9999||||xx |||||||||||||| ||spa||
020 _a84-7844-400-9
082 _a858.98/C17C
100 _aCalvino, Italo
245 0 _aCuentos Populares Italianos
250 _a5a.ed.
264 _bSiruela
942 _cLIB
999 _c8899
_d8899